Two by Four Quiz Stats

Quiz Updated Jul 6, 2017

Also try: Both This and That
Challenge
Share
Tweet
Embed
Score 0/30 Timer 05:00
0 Plays Today
Hint Answer % Correct
Giant ape monster featured in many moviesKing Kong
92.8%
e.g. 'Family Feud' or 'Wheel of Fortune'Game show
92.5%
Da Vinci portrait that lacks eyebrowsMona Lisa
91.6%
Ring-shaped toy named after Hawaiian danceHula hoop
90.7%
Tropical plant used in body lotionsAloe vera
86.8%
Its varieties include irons, drivers, and hybridsGolf club
86.7%
Body of water between Ohio and OntarioLake Erie
84.6%
Chinese city-state formerly occupied by BritainHong Kong
79%
Co-writer of The Communist ManifestoKarl Marx
78.5%
Precipitation caused by buildup of pollutantsAcid rain
78.3%
2000 survival film featuring a volleyballCast Away
78.3%
Product of A&W or Barq'sRoot beer
78.2%
All-purpose adhesive strip that is often silverDuct tape
77.9%
Shakespeare tragedy about a mad rulerKing Lear
76.7%
MLB legend who played for the Red Sox and YankeesBabe Ruth
75.3%
Hint Answer % Correct
Singer who would do almost anything for loveMeat Loaf
72.4%
Salt Lake City's NBA teamUtah Jazz
69.9%
American agricultural crisis in the 1930sDust Bowl
65.6%
Chinese stir-fried noodle dishChow mein
61%
Basketball shot coined by announcer Chick HearnSlam dunk
54.3%
Pop singer who performed 'Just Dance'Lady Gaga
51.2%
1933 Marx Brothers filmDuck Soup
51.1%
Counterpart of Pretoria and BloemfonteinCape Town
50%
Alternate name for carbonated waterClub soda
48.3%
French name for duck or goose liverFoie gras
45.4%
'One More Time' and 'Get Lucky' duoDaft Punk
45.2%
Feature of the moon or one Star Wars ForceDark side
41.1%
'60s Motown vocal quartetFour Tops
40.5%
New wave duo best known for 'Tainted Love'Soft Cell
38.8%
Latin phrase meaning 'in good faith'Bona fide
20.3%

You're not logged in!

Compare scores with friends on all Sporcle quizzes.
Sign Up with Email
OR
Log In

You Might Also Like...

Show Comments

Extras

Top Quizzes Today


Score Distribution

Your Account Isn't Verified!

In order to create a playlist on Sporcle, you need to verify the email address you used during registration. Go to your Sporcle Settings to finish the process.